LEADER 01452nam 2200481z- 450 001 9910551859903321 005 20221123121738.0 035 $a(CKB)4920000000813309 035 $a(EXLCZ)994920000000813309 100 $a20220209c2020uuuu -u- - 101 0 $aita 200 10$aAlberto Mazzucato $eun musicista musicologo nella Milano dell'Ottocento /$fAlessandra Rampoldi 210 $cLIM - Libreria Musicale Italiana 311 $a88-5543-024-6 517 $aAlberto Mazzucato 606 $aComposers$zItaly$vBiography 606 $aMusicians$zItaly$vBiography 606 $aMusic$zItaly$zMilan$y19th century 606 $aCompositeurs$zItalie$vBiographies 606 $aMusiciens$zItalie$vBiographies 606 $aMusique$zItalie$zMilan$y19e sie?cle 606 $aComposers$2fast$3(OCoLC)fst00871620 606 $aMusic$2fast$3(OCoLC)fst01030269 606 $aMusicians$2fast$3(OCoLC)fst01030837 607 $aItaly$2fast 607 $aItaly$zMilan$2fast 608 $aBiographies.$2lcgft 608 $aBiographies.$2fast 615 0$aComposers 615 0$aMusicians 615 0$aMusic 615 6$aCompositeurs 615 6$aMusiciens 615 6$aMusique 615 7$aComposers. 615 7$aMusic. 615 7$aMusicians. 676 $a780 700 $aRampoldi$b Alessandra$01372165 906 $aBOOK 912 $a9910551859903321 996 $aAlberto Mazzucato$93402215 997 $aUNINA LEADER 01451nam0 22003853i 450 001 UFI0584300 005 20251003044430.0 010 $a9788895033501 100 $a20130318d2012 ||||0itac50 ba 101 | $aita 102 $ait 181 1$6z01$ai $bxxxe 182 1$6z01$an 183 1$6z01$anc$2RDAcarrier 200 1 $aFisiologia$fCarla Biondi ... [et al.]$ga cura di Pietro Scotto, Paolo Mondola 210 $aVermezzo$cPoletto$d2012 215 $aXIV, 434 p.$cill.$d28 cm 606 $aFisiologia$2FIR$3CFIC004299$9E 676 $a571$9FISIOLOGIA E SOGGETTI CONNESSI$v14 676 $a612$9Fisiologia umana (Comprende le opere d'insieme su anatomia e fifiologia)$v22 696 $aFisiologia umana$aFisiologia generale$aAspetti fisiologici 699 $aFisiologia$yFisiologia umana 699 $aFisiologia$yFisiologia generale 699 $aFisiologia$zAspetti fisiologici 702 1$aBiondi$b, Carla$f <1948- >$3PARV428025 702 1$aScotto$b, Pietro$3RMSV556473 790 1$aBiondi Vesce$b, Carla$3SBNV114669$zBiondi, Carla <1948- > 801 3$aIT$bIT-000000$c20130318 850 $aIT-BN0095 901 $bNAP 01$c04-LT $n$ 912 $aUFI0584300 950 0$aBiblioteca Centralizzata di Ateneo$d 0104-LT 612 FIS(12$e 0104 0000024215 VMA $fB $h20130513$i20130513 977 $a 01 996 $aPhysiology$955934 997 $aUNISANNIO